|
|
|
|
| LEADER |
01134cam a2200313Ia 4500 |
| 001 |
9780203167809 |
| 003 |
FlBoTFG |
| 005 |
20091230162920.0 |
| 006 |
a|||||s||||||||||| |
| 007 |
cr|||| |
| 008 |
980413s1999 enka sb 001 0beng d |
| 020 |
|
|
|a 9780203167809 (e-book : PDF)
|
| 040 |
|
|
|a FlBoTFG
|c FlBoTFG
|d GrThAP
|
| 043 |
|
|
|a e------
|a ff-----
|a aw-----
|
| 090 |
|
|
|a DG308
|b .W37 1999
|
| 092 |
|
|
|a 937.07092
|b W337
|
| 100 |
1 |
|
|a Watson, Alaric,
|d 1958-
|
| 245 |
1 |
0 |
|a Aurelian and the third century
|h [electronic resource] /
|c Alaric Watson.
|
| 260 |
|
|
|a London ;
|a New York :
|b Routledge,
|c 1999.
|
| 300 |
|
|
|a xvi, 303 p. :
|b ill.
|
| 504 |
|
|
|a Includes bibliographical references (p. 281-286) and index.
|
| 530 |
|
|
|a Also available in print edition.
|b CRC Press (http://www.crcpress.com)
|
| 538 |
|
|
|a Mode of access: World Wide Web.
|
| 600 |
0 |
0 |
|a Aurelian,
|c Emperor of Rome,
|d ca. 215-275.
|
| 650 |
|
0 |
|a Emperors
|z Rome
|v Biography.
|
| 651 |
|
0 |
|a Rome
|x History
|y Aurelian, 270-275.
|
| 655 |
|
7 |
|a Electronic books.
|2 lcsh
|
| 776 |
1 |
|
|z 9780415072489
|
| 856 |
4 |
0 |
|u http://www.tandfebooks.com/isbn/9780203167809
|z Full Text via HEAL-Link
|